000 00666nam a2200289Ia 4500
005 20260324135912.0
008 008 260324s9999 xx 000 0 eng d
020 _a9781315009926
037 _aEBOOK
040 _aCRL
040 _beng
040 _cCRL
041 _2eng
041 _aeng
084 _qCRL
100 _a Lafitte, Paul
_91202356
245 4 _aThe Person In Psychology
245 0 _bREALITY OR ABSTRACTION
260 _bTaylor and Francis
260 _c1999
365 _a
365 _b230
856 _uhttp://www.taylorfrancis.com/books/9781315009926
942 _cEBOOK
999 _c1803898
_d1803898